FRP-strengthened metallic structures (Record no. 189810)

MARC details
000 -LEADER
fixed length control field 00681nam a2200217Ia 4500
008 - FIXED-LENGTH DATA ELEMENTS--GENERAL INFORMATION
fixed length control field 191130s2014##################000#0#eng##
020 ## - INTERNATIONAL STANDARD BOOK NUMBER
ISBN 9780415468213
082 ## - DEWEY DECIMAL CLASSIFICATION NUMBER
Classification number 624.18923
Item number ZHA
100 ## - MAIN ENTRY--AUTHOR NAME
Personal name Zhao, Xiao-Ling
245 ## - TITLE STATEMENT
Title FRP-strengthened metallic structures
Statement of responsibility, etc Xiao-Ling Zhao
260 ## - PUBLICATION, DISTRIBUTION, ETC. (IMPRINT)
Place of publication Boca Raton, FL
Name of publisher CRC Press
Year of publication 2014
300 ## - PHYSICAL DESCRIPTION
Number of Pages xxvi,263 p
650 ## - SUBJECT ADDED ENTRY--TOPICAL TERM
Topical Term Adhesives
Topical Term Building, Iron and steel - Materials
Topical Term Carbon fiber-reinforced plastics
Topical Term Fiber-reinforced plastics
Topical Term Strengthening mechanisms in solids
Topical Term TECHNOLOGY & ENGINEERING / Civil / General
942 ## - ADDED ENTRY ELEMENTS (KOHA)
Koha item type English Books
Holdings
Withdrawn status Lost status Damaged status Not for loan Home library Current library Shelving location Date acquired Full call number Accession Number Price effective from Koha item type
        Anna Centenary Library Anna Centenary Library 6TH FLOOR, A WING 13.10.2020 624.18923 ZHA 571612 13.10.2020 English Books
        Anna Centenary Library Anna Centenary Library 6TH FLOOR, A WING 13.10.2020 624.18923 ZHA 571613 13.10.2020 English Books
        Anna Centenary Library Anna Centenary Library 6TH FLOOR, A WING 13.10.2020 624.18923 ZHA 571614 13.10.2020 English Books
        Anna Centenary Library Anna Centenary Library 6TH FLOOR, A WING 13.10.2020 624.18923 ZHA 571615 13.10.2020 English Books

Find us on the map